15 Most Popular Sports in America - Statistics

General Stats
  • This quiz has been taken 795 times
  • The average score is 9 of 15
Answer Stats
Hint Answer % Correct
1 American Football
100%
5 Soccer
100%
2 Baseball
98%
3 Basketball
98%
4 Hockey
88%
6 Tennis
81%
7 Golf
68%
14 Swimming
68%
12 Volleyball
58%
15 Running
40%
11 Cricket
37%
10 Badminton
24%
9 Motor Sports
13%
13 Adventure Sports
3%
8 Combat Sports
3%
No matching quizzes found
Score Distribution
Percent of People with Each Score
Percentile by Number Answered
Your Score History
You have not taken this quiz